000 01205nam a2200289 i 4500
001 184766
003 ES-MaACL
005 20250730084010.0
008 151207s2014 sp aco c |||| |bspa d
020 _a978-84-9844-497-1
080 _a77 Coburn, Alvin Langdon (083.824)
100 1 _aCoburn, Alvin Langdon (
_d1882-1966)
_9158314
245 1 0 _aAlvin Langdon Coburn
_b: [exposición] /
_c[comisariado, Pamela Glasson Roberts ; edición y revisión de textos, María Aguilera Aranaz].
260 _aMadrid :
_bFundación Mapfre,
_c[2014]
300 _a293 p. :
_bil. col. y n., fot. ;
_c26 x 23 cm.
500 _aCronología.
504 _aBibliografía: p. 291-293.
585 _aExposición: Fundación Mapfre, Madrid, diciembre 2014-febrero 2015; George Eastman House, Rochester, Nueva York, octubre 2015-enero 2016.
600 1 7 _aCoburn, Alvin Langdon (
_d1882-1966)-
_vExposiciones.
_9158313
655 7 _2tgfbne
_9193628
_aCatálogos de exposiciones
700 1 _aRoberts, Pamela Glasson.
_9158315
700 1 _aAguilera Aranaz, María.
_9158316
710 2 _aFundación MAPFRE
_94362
852 _aES-MaACL
_jN-6465
_z- enc. tela
942 _2udc
999 _c184766
_d184766